Trắc địa cơ sở T1

Đã lưu trong:
Sonraí Bibleagrafaíochta
Príomhúdar: Nguyễn Trọng San
Údar Corparáideach: Trường Đại học Mỏ địa chất
Formáid: Leabhar
Foilsithe: Hà Nội Xây Dựng 2002
Ábhair:
Clibeanna: Cuir Clib Leis
Gan Chlibeanna, Bí ar an gcéad duine leis an taifead seo a chlibeáil!
Thư viện lưu trữ: Trung tâm Học liệu Lê Vũ Hùng, Trường Đại học Đồng Tháp
LEADER 00717pam a22002058a 4500
001 00037677
005 20171026081025.0
008 170513s2002 ||||||Viesd
041 0 # |a Vie 
082 1 4 |a 526  |b TR113Đ 
100 1 # |a Nguyễn Trọng San 
110 1 # |a Trường Đại học Mỏ địa chất 
245 1 0 |a Trắc địa cơ sở  |c Nguyễn Trọng San, Đào quang Hiếu, Đinh Công Hòa  |n T1 
260 # # |a Hà Nội  |b Xây Dựng  |c 2002 
300 # # |a 268tr.  |c 30 cm 
653 # # |a Trắc địa cơ sở 
852 # # |b Kho đọc  |j KD.0020155 
852 # # |j KD.0020155 
910 |d 13/05/2017 
980 # # |a Trung tâm Học liệu Lê Vũ Hùng, Trường Đại học Đồng Tháp